El material para la enseñanza de las matemáticas / (Record no. 100750)

MARC details
000 -LEADER
campo de control de longitud fija 00639nam a2200169 i 4500
001 - NÚMERO DE CONTROL
campo de control 100750
003 - IDENTIFICADOR DE NÚMERO DE CONTROL
campo de control ES-MaACL
005 - FECHA Y HORA DE LA ÚLTIMA TRANSACCIÓN
campo de control 20230906182735.0
007 - CAMPO FIJO DE DESCRIPCIÓN FÍSICA--INFORMACIÓN GENERAL
campo de control de longitud fija t|
008 - DATOS DE LONGITUD FIJA--INFORMACIÓN GENERAL
campo de control de longitud fija 051005s1964 sp ||||1| spa d
245 03 - MENCIÓN DEL TÍTULO
Título El material para la enseñanza de las matemáticas /
Mención de responsabilidad, etc. C. Cattegno, T. J. Fletcher, A. Biguenet... (Comisión Internacional para el Estudio y Mejora de la Enseñanza de las Matemáticas). Versión española de Gonzalo Medina.
260 ## - PUBLICACIÓN, DISTRIBUCIÓN, ETC.
Lugar de publicación, distribución, etc. Madrid :
Nombre del editor, distribuidor, etc. Aguilar,
Fecha de publicación, distribución, etc. 1964.
300 ## - DESCRIPCIÓN FÍSICA
Extensión XIX, 233 p. ;
Dimensiones 23 cm.
700 1# - ENTRADA AGREGADA--NOMBRE PERSONAL
Nombre de persona Cattegno, C.
9 (RLIN) 37083
700 1# - ENTRADA AGREGADA--NOMBRE PERSONAL
Nombre de persona Medina, Gonzalo.
9 (RLIN) 79697
852 ## - LOCALIZACIÓN
Ubicación ES-MaACL
Número de control de estantería C-24999
Sublocalización o colección R.53768
Holdings
Estatus retirado Estado de pérdida Estado de daño No para préstamo Biblioteca de origen Biblioteca actual Ubicación en estantería Fecha de adquisición Fuente de adquisición Total de préstamos Signatura topográfica completa Código de barras Visto por última vez Precio de reemplazo Tipo de ítem Koha
        Biblioteca del Ateneo de Madrid Biblioteca del Ateneo de Madrid Depósito 2 17/01/2008     C-24999 1105188 23/02/2023 23/02/2023 Libro impreso